000 00512nam a2200193 a 4500
001 1770453311857
003 YourLibrary
005 20260207140842.0
008 260207s1994##################000#0#eng##
020 _a9780793109470
082 0 4 _a333.33068
_bLYO
100 1 _aLyons, Gail,
_eauthor.
245 1 0 _aReal Estate Sales Handbook :
260 _bDearborn Real Estate,
_c1994.
300 _a288 pages
650 0 _aBusiness & Economics.
942 _cENGLISH
040 _aYourLibrary
_beng
_cYourLibrary
999 _c610953
_d610953